000 00394nam a2200145Ia 4500
008 230917s9999||||xx |||||||||||||| ||und||
040 _e204707
_aMAIN
041 _aEnglish
082 _a338.4791 G198T
100 _aGartner, W C, ed.
245 0 _aTrends in outdoor recreation, leisure and tourism
260 _aWallingford
_bCAB International
_c2000
300 _axxi, 458 p.
942 _cBK
999 _c175539
_d175539